| 000 | 00581nam a2200181 i 4500 | ||
|---|---|---|---|
| 001 | 182082 | ||
| 003 | ES-MaACL | ||
| 005 | 20230906221526.0 | ||
| 008 | 130603s1959 sp |||| | spa d | ||
| 080 | _a894.511-311.2"19" | ||
| 100 | 1 |
_aHerczeg, Ferenc. _962678 |
|
| 245 | 1 | 4 |
_aLos Gyurkovics / _cFrancisco Herczeg. |
| 250 | _aEdición fuera de comercio. | ||
| 260 |
_aBarcelona : _bMargen, _c1959. |
||
| 300 |
_a155 p. ; _c19 cm. |
||
| 500 | _aUna Novela para el Médico. | ||
| 852 |
_aES-MaACL _j2132-F-8 _z.- Donat. herederos de la biblioteca de Mª del Pilar Costa Palacín |
||
| 999 |
_c182082 _d182082 |
||